| 000 | 00566nam a22001937a 4500 | ||
|---|---|---|---|
| 005 | 20170427171643.0 | ||
| 010 | _aENG-117975 | ||
| 020 |
_a9789381574461 _c200.00 |
||
| 035 | _aEN-101507 | ||
| 037 | _bDBAD/PUB | ||
| 082 | _a015.54 | ||
| 245 |
_aAspects of manuscriptology / _cedited by Ratna Basu [and] Karunasinhu Das |
||
| 260 |
_aKolkata _bThe Asiatic Society _c2016 |
||
| 270 |
_a1 Park Street _bKolkata _e700016 |
||
| 300 |
_ax, 181p. _c22cm(pbk) |
||
| 700 | _aBasu,Ratna | ||
| 700 | _aDas,Karunasindhu | ||
| 942 |
_2ddc _cEN _h015.54 _mASP |
||
| 999 |
_c139341 _d139341 |
||